Charaktere aus Entenhausen (Sudden Death) - Statistiken

Allgemein
  • Dieses Quiz wurde 725 mal gespielt
  • Das Durchschnittsergebnis liegt bei 5 aus 9
Answers on the Grid
Answers color-coded by a green-red scale on the quiz's grid according to % correct below.
Donald Duck
Gustav Gans
Howard the Duck
Alfred J. Kwak
Daffy Duck
Dagobert Duck
Primus von Quack
Daniel Düsentrieb
Daisy Duck
Klaas Klever
Susi Schnatter
Darkwing Duck
Dussel Duck
Quack der Bruchpilot
Dynamo Duck
Ming-Ming Duckling
Irwin the Disco Duck
Abigail Gabble
 
Antwortstatistiken
Antwort % Korrekt
Donald Duck
84%
Dagobert Duck
78%
Daisy Duck
75%
Daniel Düsentrieb
69%
Gustav Gans
65%
Klaas Klever
44%
Dussel Duck
38%
Primus von Quack
31%
Quack der Bruchpilot
28%
Keine übereinstimmenden Quizze gefunden
Verteilung der Resultate
Anzahl Personen mit jedem Resultat
Perzentil nach korrekt beantworteten Fragen
Ihre Resultats-Entwicklung
Sie haben dieses Quiz noch nicht gespielt